[Event "Ojinaga Perla del Desierto op"]
[Site "Ojinaga"]
[Date "2023.10.28"]
[Round "5"]
[White "Rios Gomez, Cristhian Camilo"]
[Black "Ramirez Ruacho, Juan Manuel"]
[Result "1-0"]
[WhiteElo "2473"]
[BlackElo "2112"]
[PlyCount "49"]
[EventDate "2023.10.26"]
[EventType "swiss"]
[EventRounds "7"]
[EventCountry "MEX"]
[SourceTitle "CBM 216 Extra"]
[Source "ChessBase"]
[SourceDate "2023.11.30"]
[SourceVersion "1"]
[SourceVersionDate "2023.11.30"]
[SourceQuality "1"]

1. d4 d5 2. c4 dxc4 3. e3 Nf6 4. Bxc4 e6 5. Nf3 a6 6. a4 b6 7. 0-0 Bb7 8. Qe2 c5 9. Nc3 Nc6 10. Rd1 cxd4 11. exd4 Nb4 12. Ne5 Nbd5 13. Bg5 Be7 14. Rd3 Nxc3 15. bxc3 Bd5 16. Bxd5 Nxd5 17. Nc6 Qd6 18. Nxe7 Nxe7 19. d5 e5 20. Bxe7 Kxe7 21. f4 f6 22. fxe5 fxe5 23. Re3 Rhe8 24. Rxe5+ Kf7 25. Rf1+ 1-0

[Event "Chihuahua Bionext op"]
[Site "Chihuahua City"]
[Date "2019.12.01"]
[Round "6"]
[White "Valle Caballero, Julio Cesar"]
[Black "Ramirez Ruacho, Juan Manuel"]
[Result "0-1"]
[WhiteElo "1661"]
[BlackElo "2175"]
[PlyCount "62"]
[EventDate "2019.11.28"]
[EventType "swiss"]
[EventRounds "7"]
[EventCountry "MEX"]
[SourceTitle "CBM 193 Extra"]
[Source "ChessBase"]
[SourceDate "2020.01.31"]
[SourceVersion "1"]
[SourceVersionDate "2020.01.31"]
[SourceQuality "1"]

1. c4 e5 2. Nc3 Nc6 3. g3 d6 4. d3 g6 5. Bg2 Bg7 6. Rb1 Be6 7. b4 Qd7 8. Nf3 h6 9. Bd2 f5 10. 0-0 Nge7 11. Qc2 0-0 12. b5 Nd8 13. e3 g5 14. Ne1 f4 15. exf4 gxf4 16. Ne2 Bh3 17. gxf4 Ng6 18. fxe5 Nh4 19. Be3 Bxg2 20. e6 Qxe6 21. Nf4 Rxf4 22. Bxf4 Qh3 23. f3 Bd4+ 24. Qf2 Bxf1 25. Be3 Bxe3 26. Qxe3 Nf7 27. Qf2 Kh7 28. Qxf1 Rg8+ 29. Kf2 Qxh2+ 30. Ke3 Re8+ 31. Kd4 Qe5# 0-1

[Event "Chihuahua Bionext op"]
[Site "Chihuahua City"]
[Date "2019.11.29"]
[Round "3"]
[White "Ramirez Ruacho, Juan Manuel"]
[Black "Porras Romero, Kenneth"]
[Result "1/2-1/2"]
[WhiteElo "2175"]
[BlackElo "1741"]
[PlyCount "28"]
[EventDate "2019.11.28"]
[EventType "swiss"]
[EventRounds "7"]
[EventCountry "MEX"]
[SourceTitle "CBM 193 Extra"]
[Source "ChessBase"]
[SourceDate "2020.01.31"]
[SourceVersion "1"]
[SourceVersionDate "2020.01.31"]
[SourceQuality "1"]

1. d4 Nf6 2. Nd2 d5 3. e3 Bf5 4. Bd3 Bxd3 5. cxd3 e6 6. f4 Be7 7. Ngf3 Nbd7 8. b3 c5 9. Bb2 0-0 10. 0-0 Rc8 11. Ne5 cxd4 12. Bxd4 Bc5 13. Bxc5 Rxc5 14. Ndf3 Qc7 1/2-1/2

[Event "Capablanca Memorial-C 21st"]
[Site "Havana"]
[Date "1986.05.31"]
[Round "9"]
[White "Canda, Danilo"]
[Black "Ramirez Ruacho, Juan Manuel"]
[Result "1-0"]
[WhiteElo "2360"]
[BlackElo "2395"]
[PlyCount "95"]
[EventDate "1986.05.20"]
[EventType "tourn"]
[EventRounds "13"]
[EventCountry "CUB"]
[EventCategory "4"]
[SourceTitle "EXT 2012"]
[Source "ChessBase"]
[SourceDate "2011.11.24"]
[SourceVersion "1"]
[SourceVersionDate "2011.11.24"]
[SourceQuality "1"]

1. e4 c5 2. Nf3 g6 3. d4 cxd4 4. Nxd4 Bg7 5. c4 Nc6 6. Be3 Nf6 7. Nc3 0-0 8. Be2 d6 9. 0-0 Bd7 10. f3 Rc8 11. Qd2 a6 12. Rac1 Ne8 13. Nxc6 bxc6 14. c5 a5 15. Na4 Rb8 16. Nb6 Be6 17. b3 f5 18. exf5 Rxf5 19. Rfd1 d5 20. Qxa5 Bd7 21. Qa7 Nc7 22. Bd2 Bd4+ 23. Kh1 Be5 24. f4 Bxf4 25. Bg4 Bxd2 26. Rxd2 Be8 27. Bxf5 gxf5 28. Re1 e6 29. a4 Bg6 30. Rde2 Bf7 31. Re3 Kg7 32. Rg3+ Kh8 33. Rd3 Kg7 34. Qa5 Bg6 35. Qc3+ Kg8 36. Qe5 Rb7 37. Qd6 Qe8 38. Nd7 Kg7 39. Qxc6 f4 40. Rc3 d4 41. Qxb7 Qxd7 42. c6 Qd6 43. Rxe6 Qxe6 44. Qxc7+ Bf7 45. Rc1 f3 46. Qg3+ Bg6 47. c7 fxg2+ 48. Kg1 1-0

[Event "Capablanca Memorial-C 21st"]
[Site "Havana"]
[Date "1986.05.26"]
[Round "6"]
[White "Hernandez, Alberto"]
[Black "Ramirez Ruacho, Juan Manuel"]
[Result "0-1"]
[WhiteElo "2335"]
[BlackElo "2395"]
[PlyCount "60"]
[EventDate "1986.05.20"]
[EventType "tourn"]
[EventRounds "13"]
[EventCountry "CUB"]
[EventCategory "4"]
[SourceTitle "EXT 2012"]
[Source "ChessBase"]
[SourceDate "2011.11.24"]
[SourceVersion "1"]
[SourceVersionDate "2011.11.24"]
[SourceQuality "1"]

1. e4 c5 2. Nc3 d6 3. g3 Nc6 4. Bg2 g6 5. d3 Bg7 6. Be3 Rb8 7. Qd2 b5 8. f4 b4 9. Nd1 Qc7 10. Nh3 Nf6 11. Nhf2 Ng4 12. Nxg4 Bxg4 13. Rb1 Bxd1 14. Qxd1 Qa5 15. 0-0 0-0 16. e5 Rb6 17. exd6 e6 18. a3 Bd4 19. Qe2 bxa3 20. bxa3 Bxe3+ 21. Qxe3 Nd4 22. Qe5 Rd8 23. Rxb6 Qxb6 24. c3 Nf5 25. g4 Nxd6 26. h4 Ne8 27. Rf3 h5 28. Rg3 hxg4 29. h5 f6 30. Qe4 f5 0-1

[Event "Capablanca Memorial-C 21st"]
[Site "Havana"]
[Date "1986.05.22"]
[Round "3"]
[White "Ramirez Ruacho, Juan Manuel"]
[Black "Boudy Bueno, Julio Leonardo"]
[Result "0-1"]
[WhiteElo "2395"]
[BlackElo "2390"]
[PlyCount "78"]
[EventDate "1986.05.20"]
[EventType "tourn"]
[EventRounds "13"]
[EventCountry "CUB"]
[EventCategory "4"]
[SourceTitle "EXT 2012"]
[Source "ChessBase"]
[SourceDate "2011.11.24"]
[SourceVersion "1"]
[SourceVersionDate "2011.11.24"]
[SourceQuality "1"]

1. d4 Nf6 2. c4 c5 3. Nf3 g6 4. g3 Bg7 5. Bg2 0-0 6. 0-0 d6 7. Nc3 Nc6 8. h3 cxd4 9. Nxd4 Nxd4 10. Qxd4 Be6 11. Qh4 Rc8 12. b3 d5 13. Be3 dxc4 14. b4 b6 15. Rac1 Qd6 16. Nb5 Qxb4 17. Nxa7 Rc7 18. Rb1 Qa4 19. Nb5 Rcc8 20. Nc3 Qa5 21. Rfc1 Nd7 22. Rb5 Qa6 23. Rb2 Bf6 24. Qh6 Nc5 25. Rd2 Qa3 26. Rdc2 Bf5 27. Nb1 Qa6 28. Rxc4 Bxb1 29. Rxc5 bxc5 30. Rxb1 Qxa2 31. Rb5 Qxe2 32. Rb7 Rfd8 33. Kh2 c4 34. Rb5 c3 35. Ra5 c2 36. Bd5 c1Q 37. Bxf7+ Kxf7 38. Qxh7+ Bg7 39. Rg5 Qcc2 0-1